Эффективность вывода энергии из резонатора СВЧ-компрессора с трансформацией вида колебаний на окне связи; Известия вузов. Физика; Т. 57, № 11/2 (приложение)

Bibliographic Details
Parent link:Известия вузов. Физика/ Министерство общего и профессионального образования Российской Федерации ; Томский Госуниверситет.— , 1958-
Т. 57, № 11/2 (приложение).— 2014.— С. 89-93
Other Authors: Артеменко С. Н. Сергей Николаевич, Игумнов В. С. Владислав Сергеевич, Чурсин С. С. Станислав Сергеевич, Юшков Ю. Г. Юрий Георгиевич
Summary:На основе результатов анализа работы модели резонансного СВЧ компрессора с выводом энергии трансформацией вида колебаний на окне связи резонатора с короткозамкнутым волноводным шлейфом выполнена оценка коэффициента усиления, КПД и рабочей мощности компрессора. Параметры формируемых импульсов рассчитаны по полученным рекуррентным соотношениям между амплитудами волн в накопительной системе компрессора. Энергетические характеристики компрессора оценены по результатам такого расчета и численного моделирования компрессора. Проведено сравнение полученных данных с результатами экспериментов.
В фонде НТБ ТПУ отсутствует
Language:Russian
Published: 2014
Subjects:
Format: Book Chapter
KOHA link:https://koha.lib.tpu.ru/cgi-bin/koha/opac-detail.pl?biblionumber=601476

MARC

LEADER 00000naa0a2200000 4500
001 601476
005 20250217104452.0
035 |a (RuTPU)RU\TPU\tpu\26290 
035 |a RU\TPU\prd\227653 
090 |a 601476 
100 |a 20141210d2014 k||y0rusy50 ca 
101 0 |a rus 
102 |a RU 
200 1 |a Эффективность вывода энергии из резонатора СВЧ-компрессора с трансформацией вида колебаний на окне связи  |f С. Н. Артеменко [и др.] 
320 |a Библиогр.: с. 93 (12 назв.) 
330 |a На основе результатов анализа работы модели резонансного СВЧ компрессора с выводом энергии трансформацией вида колебаний на окне связи резонатора с короткозамкнутым волноводным шлейфом выполнена оценка коэффициента усиления, КПД и рабочей мощности компрессора. Параметры формируемых импульсов рассчитаны по полученным рекуррентным соотношениям между амплитудами волн в накопительной системе компрессора. Энергетические характеристики компрессора оценены по результатам такого расчета и численного моделирования компрессора. Проведено сравнение полученных данных с результатами экспериментов. 
333 |a В фонде НТБ ТПУ отсутствует 
461 |t Известия вузов. Физика  |f Министерство общего и профессионального образования Российской Федерации ; Томский Госуниверситет  |d 1958- 
463 |t Т. 57, № 11/2 (приложение)  |v С. 89-93  |d 2014 
610 1 |a труды учёных ТПУ 
610 1 |a эффективность 
610 1 |a вывод 
610 1 |a энергия 
610 1 |a резонаторы 
610 1 |a СВЧ-компрессоры 
610 1 |a трансформация 
610 1 |a колебания 
610 1 |a импульсы 
610 1 |a ускорители 
610 1 |a мощность 
610 1 |a энергетические характеристики 
610 1 |a компрессоры 
610 1 |a численное моделирование 
701 1 |a Артеменко  |b С. Н.  |c физик  |c ведущий научный сотрудник Томского политехнического университета, доктор физико-математических наук  |f 1951-  |g Сергей Николаевич  |3 (RuTPU)RU\TPU\pers\25663 
701 1 |a Игумнов  |b В. С.  |c физик  |c инженер Томского политехнического университета  |f 1982-  |g Владислав Сергеевич  |3 (RuTPU)RU\TPU\pers\31392  |9 15564 
701 1 |a Чурсин  |b С. С.  |c физик-ядерщик  |c лаборант Томского политехнического университета  |g Станислав Сергеевич  |3 (RuTPU)RU\TPU\pers\30542 
701 1 |a Юшков  |b Ю. Г.  |c электрофизик  |c профессор Томского политехнического университета, доктор технических наук  |f 1937-  |g Юрий Георгиевич  |3 (RuTPU)RU\TPU\pers\22023 
801 1 |a RU  |b 63413507  |c 20141118 
801 2 |a RU  |b 63413507  |c 20141210  |g RCR 
942 |c CR